000 00367nam a22001337a 4500
008 150810b xxu||||| |||| 00| 0 eng d
020 _a9350281295
082 _a347.017 CLI
245 _aClinical legal education /
_c(editor) Menon, Madhava
260 _aIndia :
_bEastern book ,
_c2011
300 _axxiii, 311p.
500 _aIncludes subject index
942 _2ddc
_cBK
999 _c8391
_d8391